[Event "Abu Dhabi op-A 30th"]
[Site "Abu Dhabi"]
[Date "2024.08.23"]
[Round "8"]
[White "Manish, Anto Cristiano F"]
[Black "Abdulrahman Mohammad, Al Taher"]
[Result "1/2-1/2"]
[WhiteElo "2378"]
[BlackElo "2175"]
[PlyCount "146"]
[EventDate "2024.08.15"]
[EventType "swiss"]
[EventRounds "9"]
[EventCountry "UAE"]
[SourceTitle "EXT 2025"]
[Source "ChessBase"]
[SourceDate "2024.10.14"]
[SourceVersion "1"]
[SourceVersionDate "2024.10.14"]
[SourceQuality "1"]

1. e4 c5 2. Nf3 d6 3. d4 cxd4 4. Nxd4 Nf6 5. Nc3 Nc6 6. Bg5 e6 7. Qd3 Bd7 8. 0-0-0 a6 9. f4 Be7 10. Nf3 Qa5 11. Kb1 d5 12. a3 dxe4 13. Nxe4 0-0-0 14. Be2 Be8 15. Qc4 b5 16. Qc3 Qxc3 17. Nxc3 h6 18. Bh4 Kb7 19. Bd3 Nd5 20. Nxd5 Bxh4 21. Nxh4 Rxd5 22. f5 e5 23. f6 gxf6 24. Be4 Rxd1+ 25. Rxd1 Kc7 26. Rf1 Rg8 27. h3 Rg3 28. Nf5 Rg6 29. Ne3 f5 30. Rxf5 Kd6 31. Rf1 Rg8 32. Rf6+ Kc5 33. Bxc6 Bxc6 34. b4+ Kd4 35. Nf5+ Ke4 36. Ne7 Rxg2 37. Rxc6 f5 38. Rxh6 f4 39. Rxa6 Rg7 40. Ng6 f3 41. Rf6 f2 42. Rxf2 Rxg6 43. Kb2 Ke3 44. Rf5 Kd4 45. c3+ Kc4 46. a4 Rg2+ 47. Ka3 Rg3 48. axb5 Rxc3+ 49. Ka4 Rc1 50. Ka5 Ra1+ 51. Kb6 e4 52. Re5 Kd3 53. Kc6 Rc1+ 54. Kd6 Rb1 55. b6 Rxb4 56. Kc7 Rc4+ 57. Kd6 Rb4 58. Kc6 e3 59. b7 e2 60. h4 Rc4+ 61. Kb5 Rc1 62. h5 Rb1+ 63. Kc6 Rc1+ 64. Kd7 Rb1 65. Kc7 Rc1+ 66. Kb8 Rh1 67. Kc8 Rc1+ 68. Kd8 Rb1 69. Rd5+ Kc4 70. Re5 Kd3 71. Kc7 Rc1+ 72. Kd6 Rb1 73. Kc7 Rc1+ 1/2-1/2

[Event "Pardubice Czech op-A 35th"]
[Site "Pardubice"]
[Date "2024.07.26"]
[Round "8"]
[White "Abdulrahman Mohammad, Al Taher"]
[Black "Priehoda, Vitezslav"]
[Result "1/2-1/2"]
[WhiteElo "2105"]
[BlackElo "2260"]
[PlyCount "66"]
[EventDate "2024.07.19"]
[EventType "swiss"]
[EventRounds "9"]
[EventCountry "CZE"]
[SourceTitle "CBM 221 Extra"]
[Source "ChessBase"]
[SourceDate "2024.09.30"]
[SourceVersion "1"]
[SourceVersionDate "2024.09.30"]
[SourceQuality "1"]

1. d4 e6 2. c4 f5 3. a3 Nf6 4. Nc3 b6 5. Nf3 Bb7 6. e3 g6 7. Be2 Bg7 8. 0-0 0-0 9. b4 Ne4 10. Nxe4 fxe4 11. Nd2 d5 12. Qb3 Kh8 13. Bb2 Nc6 14. Rad1 Ne7 15. f3 exf3 16. Bxf3 Nf5 17. c5 Qg5 18. Rde1 Nxd4 19. Bxd4 Bxd4 20. exd4 Qxd2 21. Qe3 Qxe3+ 22. Rxe3 Rae8 23. Rfe1 Rf6 24. c6 Bxc6 25. Rc1 Bb5 26. Rxc7 Rf4 27. Rxa7 Rxd4 28. Rb7 Bc4 29. Be2 Bxe2 30. Rxe2 e5 31. Rc2 Rc4 32. Rxc4 dxc4 33. Rxb6 Ra8 1/2-1/2

[Event "Pardubice Czech op-A 35th"]
[Site "Pardubice"]
[Date "2024.07.19"]
[Round "1"]
[White "Audi, Ameya"]
[Black "Abdulrahman Mohammad, Al Taher"]
[Result "1-0"]
[WhiteElo "2381"]
[BlackElo "2105"]
[PlyCount "83"]
[EventDate "2024.07.19"]
[EventType "swiss"]
[EventRounds "9"]
[EventCountry "CZE"]
[SourceTitle "CBM 221 Extra"]
[Source "ChessBase"]
[SourceDate "2024.09.30"]
[SourceVersion "1"]
[SourceVersionDate "2024.09.30"]
[SourceQuality "1"]

1. e4 c5 2. Nf3 d6 3. d4 cxd4 4. Nxd4 Nf6 5. Nc3 Nc6 6. Bg5 e6 7. Qd2 a6 8. 0-0-0 Bd7 9. f4 Be7 10. Nf3 b5 11. Bxf6 gxf6 12. f5 Qb6 13. Kb1 0-0-0 14. a4 b4 15. Ne2 e5 16. Qd5 Rhf8 17. Nc1 Na5 18. Nb3 Nxb3 19. cxb3 Bc6 20. Rc1 Kd7 21. Qd3 Ke8 22. Qc2 Bb7 23. Bc4 Rc8 24. Qe2 Rc5 25. Rhd1 Kd7 26. Rc2 Rfc8 27. Rcd2 Ke8 28. Bd5 Bxd5 29. Rxd5 Qc6 30. Rxc5 Qxc5 31. Ne1 Qa5 32. Nc2 Rc5 33. Qd2 Qc7 34. Nxb4 Qb7 35. Nd5 Bd8 36. Qe3 a5 37. Qg3 Kf8 38. Qh3 Kg8 39. Rd3 Qa6 40. Rg3+ Kf8 41. Qxh7 Rc1+ 42. Ka2 1-0

[Event "Kazan BRICS Games Blitz Team"]
[Site "Kazan"]
[Date "2024.06.21"]
[Round "6.2"]
[White "Abdulrahman Mohammad, Al Taher"]
[Black "Cunha, Lucas Aguiar"]
[Result "0-1"]
[WhiteElo "2105"]
[BlackElo "2239"]
[PlyCount "80"]
[EventDate "2024.06.21"]
[EventType "team-swiss (blitz)"]
[EventRounds "11"]
[EventCountry "RUS"]
[SourceTitle "CBM 220 Extra"]
[Source "ChessBase"]
[SourceDate "2024.07.31"]
[SourceVersion "1"]
[SourceVersionDate "2024.07.31"]
[SourceQuality "1"]
[WhiteTeam "United Arab Emirates"]
[BlackTeam "Brazil"]
[WhiteTeamCountry "UAE"]
[BlackTeamCountry "BRA"]

1. d4 Nf6 2. c4 e6 3. Nc3 Bb4 4. e3 0-0 5. Bd3 Re8 6. Nge2 e5 7. 0-0 e4 8. Bc2 c6 9. Ng3 d5 10. cxd5 cxd5 11. f3 exf3 12. Qxf3 Bg4 13. Qf2 Nc6 14. h3 Be6 15. Nce2 Rc8 16. a3 Bd6 17. Bd3 Na5 18. Nf4 Nb3 19. Rb1 Rf8 20. Bd2 Bxf4 21. exf4 Nxd2 22. Qxd2 Bd7 23. Rfe1 Qb6 24. Be2 Ne4 25. Nxe4 dxe4 26. Kh1 Be6 27. Qe3 f5 28. Red1 Rfd8 29. b4 h6 30. Rd2 Rd6 31. Rbd1 Rdc6 32. Qg3 Bd5 33. Qf2 Rc3 34. Qg1 Rxa3 35. Rb1 Rg3 36. Qe1 Qg6 37. Bf1 e3 38. Re2 Rxh3+ 39. Kg1 Rg3 40. Rxe3 Rxg2+ 0-1

[Event "Kazan BRICS Games Blitz Team"]
[Site "Kazan"]
[Date "2024.06.21"]
[Round "11.2"]
[White "Abdulrahman Mohammad, Al Taher"]
[Black "Esipenko, Andrey"]
[Result "0-1"]
[WhiteElo "2105"]
[BlackElo "2677"]
[PlyCount "50"]
[EventDate "2024.06.21"]
[EventType "team-swiss (blitz)"]
[EventRounds "11"]
[EventCountry "RUS"]
[SourceTitle "CBM 220 Extra"]
[Source "ChessBase"]
[SourceDate "2024.07.31"]
[SourceVersion "1"]
[SourceVersionDate "2024.07.31"]
[SourceQuality "1"]
[WhiteTeam "United Arab Emirates"]
[BlackTeam "Russia"]
[WhiteTeamCountry "UAE"]
[BlackTeamCountry "RUS"]

1. d4 Nf6 2. c4 e6 3. Nc3 Bb4 4. e3 0-0 5. Bd3 d5 6. a3 dxc4 7. Bxc4 Be7 8. Qe2 c5 9. dxc5 Nbd7 10. Nf3 Nxc5 11. 0-0 a6 12. b4 b5 13. Ba2 Ncd7 14. Bb2 Bb7 15. Rfd1 Qb8 16. h3 Rc8 17. Rac1 Nb6 18. Nb1 Bd5 19. Bxd5 Nfxd5 20. Nbd2 Qb7 21. Ne5 Na4 22. Bd4 Ndc3 23. Qg4 Bf6 24. Re1 Qd5 25. Kh1 Bxe5 0-1

[Event "Kazan BRICS Games Blitz Team"]
[Site "Kazan"]
[Date "2024.06.21"]
[Round "9.10"]
[White "Abdulrahman Mohammad, Al Taher"]
[Black "Saydaliev, Saidakbar"]
[Result "1-0"]
[WhiteElo "2105"]
[BlackElo "2448"]
[PlyCount "127"]
[EventDate "2024.06.21"]
[EventType "team-swiss (blitz)"]
[EventRounds "11"]
[EventCountry "RUS"]
[SourceTitle "CBM 220 Extra"]
[Source "ChessBase"]
[SourceDate "2024.07.31"]
[SourceVersion "1"]
[SourceVersionDate "2024.07.31"]
[SourceQuality "1"]
[WhiteTeam "United Arab Emirates"]
[BlackTeam "Uzbekistan"]
[WhiteTeamCountry "UAE"]
[BlackTeamCountry "UZB"]

1. d4 Nf6 2. c4 e6 3. Nc3 Bb4 4. e3 0-0 5. Bd3 Re8 6. Nge2 d5 7. cxd5 exd5 8. 0-0 Nbd7 9. Qb3 Bd6 10. Nxd5 Nxd5 11. Qxd5 Nc5 12. Bxh7+ Kxh7 13. Qh5+ Kg8 14. dxc5 Re5 15. Qf3 Rf5 16. Nf4 Rxc5 17. b3 Bd7 18. Ba3 Bc6 19. Qh3 Rg5 20. Bxd6 Qxd6 21. Rad1 Qe5 22. Rd4 g6 23. Rfd1 Kg7 24. g3 Rh8 25. Qf1 Bf3 26. R1d2 Qf5 27. Rd7 Qf6 28. Rxc7 Re5 29. Rdd7 Rf8 30. Qc4 Rf5 31. Qc3 Qxc3 32. Rxc3 g5 33. Ne6+ Kg8 34. Nxf8 Kxf8 35. Rdc7 Rd5 36. Rc1 Rd2 37. R7c2 Rd3 38. h3 Kg7 39. g4 a6 40. Kh2 Bd1 41. Rc7 Bf3 42. Kg3 Bc6 43. R1xc6 bxc6 44. Rxc6 a5 45. Rc5 a4 46. Rxg5+ Kf6 47. Rf5+ Kg6 48. bxa4 Ra3 49. Ra5 Rxa2 50. Ra8 f5 51. gxf5+ Kxf5 52. a5 Kg6 53. a6 Kg7 54. a7 Ra3 55. Kg4 Ra1 56. f4 Ra4 57. Kf3 Kh7 58. f5 Ra6 59. e4 Ra3+ 60. Kf4 Ra6 61. e5 Ra4+ 62. Kg5 Ra5 63. e6 Kg7 64. e7 1-0

[Event "Kazan BRICS Games Rapid Team"]
[Site "Kazan"]
[Date "2024.06.20"]
[Round "5.6"]
[White "Maksudshoev, Kubot"]
[Black "Abdulrahman Mohammad, Al Taher"]
[Result "1/2-1/2"]
[WhiteElo "2030"]
[BlackElo "2105"]
[PlyCount "83"]
[EventDate "2024.06.20"]
[EventType "team-swiss (rapid)"]
[EventRounds "9"]
[EventCountry "RUS"]
[SourceTitle "CBM 220 Extra"]
[Source "ChessBase"]
[SourceDate "2024.07.31"]
[SourceVersion "1"]
[SourceVersionDate "2024.07.31"]
[SourceQuality "1"]
[WhiteTeam "Tajikistan"]
[BlackTeam "United Arab Emirates"]
[WhiteTeamCountry "TJK"]
[BlackTeamCountry "UAE"]

1. d4 d5 2. c4 e6 3. a3 Nf6 4. e3 Be7 5. Nd2 0-0 6. Ngf3 b6 7. cxd5 exd5 8. b4 c5 9. bxc5 bxc5 10. dxc5 Bxc5 11. Bb2 Bg4 12. Be2 Nc6 13. 0-0 Qb6 14. Rb1 Bf5 15. e4 dxe4 16. Bxf6 exf3 17. Rxb6 fxe2 18. Qxe2 axb6 19. Qf3 Bg6 20. Bb2 Nd4 21. Bxd4 Bxd4 22. h4 h5 23. Ne4 Rfe8 24. Nd6 Red8 25. Nc4 Bc5 26. Ra1 Ra4 27. Ne5 Rd2 28. Rf1 Rxa3 29. Qc6 Raa2 30. Qe8+ Kh7 31. Nf3 f6 32. Qb8 Rxf2 33. Rxf2 Rxf2 34. Kh2 Be4 35. Kg3 Bxf3 36. gxf3 Rd2 37. Qe8 Bd6+ 38. f4 Rd4 39. Qxh5+ Kg8 40. Qe8+ Kh7 41. Qh5+ Kg8 42. Qe8+ 1/2-1/2

[Event "Kazan BRICS Games Rapid Team"]
[Site "Kazan"]
[Date "2024.06.20"]
[Round "7.14"]
[White "Shavlohov, Georgiy"]
[Black "Abdulrahman Mohammad, Al Taher"]
[Result "1/2-1/2"]
[WhiteElo "1928"]
[BlackElo "2105"]
[PlyCount "121"]
[EventDate "2024.06.20"]
[EventType "team-swiss (rapid)"]
[EventRounds "9"]
[EventCountry "RUS"]
[SourceTitle "CBM 220 Extra"]
[Source "ChessBase"]
[SourceDate "2024.07.31"]
[SourceVersion "1"]
[SourceVersionDate "2024.07.31"]
[SourceQuality "1"]
[WhiteTeam "South Ossetia"]
[BlackTeam "United Arab Emirates"]
[WhiteTeamCountry "RUS"]
[BlackTeamCountry "UAE"]

1. d4 d5 2. Nf3 Nf6 3. e3 e6 4. Bd3 Be7 5. 0-0 0-0 6. Nbd2 b6 7. e4 dxe4 8. Nxe4 Bb7 9. Qe2 Nbd7 10. c3 c5 11. dxc5 Nxc5 12. Nxc5 Bxc5 13. Bg5 Be7 14. Rad1 Qc7 15. Ba6 Bd5 16. a3 Rad8 17. Bd3 Ng4 18. g3 Nxh2 19. Nxh2 Bxg5 20. Qh5 h6 21. Ng4 f5 22. Nh2 Bb3 23. Qe2 Bxd1 24. Rxd1 Rd6 25. Re1 Kh8 26. Nf3 Bf6 27. Bc2 Rfd8 28. Bb3 Re8 29. Kg2 e5 30. Qb5 Qe7 31. Ba4 Red8 32. Kg1 Rd1 33. Bxd1 g5 34. Bb3 g4 35. Nxe5 Kh7 36. Nc6 Qxe1+ 37. Kg2 Qe4+ 38. Kh2 Re8 39. Nd4 Bxd4 40. cxd4 Re7 41. Qc4 Rg7 42. Bc2 Qf3 43. Qf1 Re7 44. Bd1 Qe4 45. Qc4 Qe1 46. Qc2 Qe4 47. Qc8 Qd5 48. Bc2 Rf7 49. Qc3 Qf3 50. Qe1 h5 51. Kg1 h4 52. Qe6 Rg7 53. Bxf5+ Kh8 54. Qe8+ Rg8 55. Qh5+ Kg7 56. Bxg4 Qf7 57. Qe5+ Qf6 58. Qc7+ Qf7 59. Qe5+ Qf6 60. Qc7+ Qf7 61. Qe5+ 1/2-1/2

[Event "Kazan BRICS Games Blitz"]
[Site "Kazan"]
[Date "2024.06.19"]
[Round "8"]
[White "Aronyak, Ghosh"]
[Black "Abdulrahman Mohammad, Al Taher"]
[Result "1-0"]
[WhiteElo "2529"]
[BlackElo "2105"]
[PlyCount "114"]
[EventDate "2024.06.19"]
[EventType "swiss (blitz)"]
[EventRounds "11"]
[EventCountry "RUS"]
[SourceTitle "CBM 220 Extra"]
[Source "ChessBase"]
[SourceDate "2024.07.31"]
[SourceVersion "1"]
[SourceVersionDate "2024.07.31"]
[SourceQuality "1"]

1. Nf3 d5 2. g3 Nf6 3. Bg2 e6 4. 0-0 Be7 5. d3 0-0 6. Nbd2 c5 7. e4 Nc6 8. Re1 Qc7 9. Qe2 b5 10. Nf1 Bb7 11. Bf4 Qb6 12. e5 Nd7 13. h4 Rfc8 14. h5 h6 15. Qd2 Qd8 16. g4 a5 17. Ng3 a4 18. a3 b4 19. Re2 bxa3 20. bxa3 Rab8 21. Rae1 Ba6 22. g5 hxg5 23. Bxg5 Bxg5 24. Nxg5 Nd4 25. Qf4 Nxe2+ 26. Rxe2 Rb1+ 27. Kh2 Qe7 28. Bh3 d4 29. f3 Nb6 30. h6 g6 31. N3e4 Nd5 32. Qh4 Kh8 33. h7 c4 34. Nd6 Rf8 35. dxc4 Ne3 36. Qh6 Nf5 37. Bxf5 exf5 38. Rg2 f6 39. Ngf7+ Rxf7 40. Nxf7+ Qxf7 41. Rxg6 Qxh7 42. Rxf6 Qxh6+ 43. Rxh6+ Kg7 44. Rxa6 Rc1 45. Kg3 Rxc2 46. Kf4 Rxc4 47. Kxf5 d3 48. Rd6 Rc3 49. e6 d2 50. f4 Rc5+ 51. Ke4 Rc4+ 52. Ke3 Rc3+ 53. Kxd2 Rxa3 54. f5 Kf6 55. Rd7 Rb3 56. Rf7+ Ke5 57. e7 Rb8 1-0

[Event "Kazan BRICS Games Rapid"]
[Site "Kazan"]
[Date "2024.06.18"]
[Round "2"]
[White "Abdulrahman Mohammad, Al Taher"]
[Black "Bongo Akanga Ndjila, Barthelemy"]
[Result "1-0"]
[WhiteElo "2105"]
[BlackElo "1894"]
[PlyCount "73"]
[EventDate "2024.06.18"]
[EventType "team-swiss (rapid)"]
[EventRounds "9"]
[EventCountry "RUS"]
[SourceTitle "CBM 220 Extra"]
[Source "ChessBase"]
[SourceDate "2024.07.31"]
[SourceVersion "1"]
[SourceVersionDate "2024.07.31"]
[SourceQuality "1"]

1. d4 d5 2. c4 dxc4 3. Nf3 Nf6 4. e3 e6 5. Bxc4 a6 6. 0-0 b5 7. Be2 Bb7 8. a4 c6 9. Qc2 Nbd7 10. Nc3 Rc8 11. Rd1 Qc7 12. h3 b4 13. Ne4 Nxe4 14. Qxe4 c5 15. Qd3 c4 16. Qc2 Nf6 17. Ne5 c3 18. bxc3 bxc3 19. a5 Bd6 20. Ba3 0-0 21. Rdc1 Be4 22. Bd3 Bxd3 23. Qxd3 Nd5 24. Qxa6 Bb4 25. Bxb4 Nxb4 26. Qb6 Qe7 27. a6 f6 28. Nd7 Nd5 29. Qb5 c2 30. Nxf8 Kxf8 31. a7 Nc3 32. Rxc2 Nxb5 33. Rxc8+ Kf7 34. a8Q Kg6 35. Qc6 Nd6 36. Rc7 Qf8 37. Ra8 1-0

[Event "Kazan BRICS Games Rapid"]
[Site "Kazan"]
[Date "2024.06.18"]
[Round "4"]
[White "Abdulrahman Mohammad, Al Taher"]
[Black "Ssegwanyi, Arthur"]
[Result "1-0"]
[WhiteElo "2105"]
[BlackElo "2365"]
[PlyCount "80"]
[EventDate "2024.06.18"]
[EventType "team-swiss (rapid)"]
[EventRounds "9"]
[EventCountry "RUS"]
[SourceTitle "CBM 220 Extra"]
[Source "ChessBase"]
[SourceDate "2024.07.31"]
[SourceVersion "1"]
[SourceVersionDate "2024.07.31"]
[SourceQuality "1"]

1. d4 Nf6 2. c4 e6 3. Nc3 d5 4. cxd5 exd5 5. Bg5 c6 6. e3 Bd6 7. Bd3 0-0 8. Nf3 Re8 9. 0-0 h6 10. Bh4 a5 11. Re1 Nbd7 12. Rc1 Nf8 13. e4 Be7 14. e5 N6d7 15. Bxe7 Qxe7 16. Ne2 Qb4 17. Qc2 Ne6 18. a3 Qb6 19. Qd2 Ndf8 20. Ng3 Ng6 21. Nf5 Nef4 22. Nd6 Rf8 23. h3 Qd8 24. Bxg6 fxg6 25. b4 Nxh3+ 26. gxh3 Rxf3 27. Rc3 Rxh3 28. Rxh3 Bxh3 29. Qf4 Qe7 30. bxa5 Rxa5 31. Rb1 Ra7 32. Rb3 Be6 33. Qg3 g5 34. Qd3 g4 35. Qg6 b5 36. Rc3 Ra6 37. Nf5 Bxf5 38. Qxf5 Qf8 39. Qxg4 Qe8 40. Qf5 Ra4 1-0

[Event "Kazan BRICS Games Rapid"]
[Site "Kazan"]
[Date "2024.06.18"]
[Round "1"]
[White "Xu, Xiangyu"]
[Black "Abdulrahman Mohammad, Al Taher"]
[Result "1-0"]
[WhiteElo "2628"]
[BlackElo "2105"]
[PlyCount "45"]
[EventDate "2024.06.18"]
[EventType "team-swiss (rapid)"]
[EventRounds "9"]
[EventCountry "RUS"]
[SourceTitle "CBM 220 Extra"]
[Source "ChessBase"]
[SourceDate "2024.07.31"]
[SourceVersion "1"]
[SourceVersionDate "2024.07.31"]
[SourceQuality "1"]

1. d4 d5 2. Nf3 Nf6 3. c4 e6 4. Nc3 Bb4 5. e3 0-0 6. Bd2 Nbd7 7. Qc2 c6 8. a3 Ba5 9. Bd3 Qe7 10. 0-0 dxc4 11. Bxc4 e5 12. Rfe1 h6 13. Ba2 Bb6 14. Nh4 Nd5 15. Nf5 Qf6 16. Nxd5 cxd5 17. Bb4 Re8 18. Nd6 Rf8 19. Bxd5 exd4 20. exd4 a5 21. Ne4 Qf5 22. Bxf8 Qxd5 23. Nd6 1-0

[Event "Titled Tuesday intern op 09th Apr Early"]
[Site "Chess.com INT"]
[Date "2024.04.09"]
[Round "6"]
[White "Abdulrahman Mohammad, Al Taher"]
[Black "Grot, Blazej"]
[Result "0-1"]
[WhiteElo "2046"]
[BlackElo "2046"]
[PlyCount "94"]
[EventDate "2024.04.09"]
[EventType "swiss (blitz)"]
[EventRounds "11"]
[EventCountry "USA"]
[SourceTitle "EXT 2025"]
[Source "ChessBase"]
[SourceDate "2024.10.14"]
[SourceVersion "1"]
[SourceVersionDate "2024.10.14"]
[SourceQuality "1"]

1. d4 Nf6 2. c4 e6 3. Nf3 d5 4. Nc3 Bb4 5. cxd5 exd5 6. Bg5 0-0 7. e3 c6 8. Bd3 h6 9. Bh4 Nbd7 10. 0-0 Be7 11. Qc2 Ne8 12. Bg3 Nd6 13. b4 b5 14. Bxd6 Bxd6 15. e4 dxe4 16. Nxe4 Bxb4 17. Qxc6 Rb8 18. Rab1 Bb7 19. Qc2 Rc8 20. Qb3 a5 21. a3 Bxe4 22. Bxe4 Rc3 23. Qd5 Rxa3 24. Qxb5 Nf6 25. Bc6 Qd6 26. d5 Ng4 27. h3 Rxf3 28. hxg4 Rf4 29. Qe2 Qg6 30. Rfd1 Rxg4 31. d6 Bxd6 32. Rxd6 Qxd6 33. Qxg4 Qxc6 34. Ra1 Qc3 35. Qa4 Rd8 36. Rb1 Rd2 37. Rb8+ Kh7 38. Qe4+ g6 39. Qe8 Rd1+ 40. Kh2 Qg7 41. Rb7 Rd5 42. Rxf7 Rh5+ 43. Kg1 Rf5 44. Rxg7+ Kxg7 45. Qd7+ Kg8 46. g4 Rg5 47. f4 Rc5 0-1

[Event "Titled Tuesday intern op 09th Apr Early"]
[Site "Chess.com INT"]
[Date "2024.04.09"]
[Round "5"]
[White "Porozhniak, Maya"]
[Black "Abdulrahman Mohammad, Al Taher"]
[Result "0-1"]
[WhiteElo "1930"]
[BlackElo "2046"]
[PlyCount "140"]
[EventDate "2024.04.09"]
[EventType "swiss (blitz)"]
[EventRounds "11"]
[EventCountry "USA"]
[SourceTitle "EXT 2025"]
[Source "ChessBase"]
[SourceDate "2024.10.14"]
[SourceVersion "1"]
[SourceVersionDate "2024.10.14"]
[SourceQuality "1"]

1. e4 c5 2. Nf3 d6 3. d4 cxd4 4. c3 Nf6 5. Bd3 dxc3 6. Nxc3 e6 7. 0-0 Be7 8. Qe2 0-0 9. Rd1 Nc6 10. Bc4 Qc7 11. Bf4 a6 12. e5 dxe5 13. Nxe5 Nxe5 14. Bxe5 Qb6 15. Rd2 Qa5 16. a3 b5 17. Bb3 Bb7 18. Rad1 Rfd8 19. h3 Rxd2 20. Rxd2 Rd8 21. Rxd8+ Qxd8 22. Bc2 Nd5 23. Qd3 g6 24. Ne4 f5 25. Ng3 Bf6 26. Qd4 Kg7 27. Bb3 Bxe5 28. Qxe5+ Qf6 29. Qe2 Nf4 30. Qd2 Nxg2 31. Qd7+ Qf7 32. Bxe6 Qxd7 33. Bxd7 Nf4 34. h4 Kf6 35. a4 Ke7 36. Bxb5 axb5 37. axb5 Ne6 38. Ne2 Kd6 39. b4 Nc7 40. Nc3 Nd5 41. Ne2 Nxb4 42. Kh2 Kc5 43. Kg3 Kxb5 44. Kf4 Nd3+ 45. Ke3 Nc5 46. Nd4+ Kb6 47. h5 Kc7 48. hxg6 hxg6 49. Kf4 Kd6 50. Kg5 Ne6+ 51. Nxe6 Kxe6 52. Kxg6 Ke5 53. Kg5 Bc8 54. Kh4 Kf4 55. Kh3 Kf3 56. Kh2 Kxf2 57. Kh1 f4 58. Kh2 f3 59. Kh1 Ke2 60. Kh2 f2 61. Kg3 f1Q 62. Kh4 Qf4+ 63. Kh5 Qg3 64. Kh6 Qg4 65. Kh7 Qg5 66. Kh8 Kf3 67. Kh7 Kf4 68. Kh8 Kf5 69. Kh7 Kf6 70. Kh8 Qg7# 0-1

[Event "Titled Tuesday intern op 02nd Jan Early"]
[Site "Chess.com INT"]
[Date "2024.01.02"]
[Round "2"]
[White "Abdulrahman Mohammad, Al Taher"]
[Black "Mazurkiewicz, Michal"]
[Result "0-1"]
[WhiteElo "2046"]
[BlackElo "2145"]
[PlyCount "67"]
[EventDate "2024.01.02"]
[EventType "swiss (blitz)"]
[EventRounds "11"]
[EventCountry "USA"]
[SourceTitle "EXT 2025"]
[Source "ChessBase"]
[SourceDate "2024.10.14"]
[SourceVersion "1"]
[SourceVersionDate "2024.10.14"]
[SourceQuality "1"]

1. d4 Nf6 2. c4 e5 3. dxe5 Ng4 4. Bf4 Nc6 5. Nf3 Bb4+ 6. Nbd2 Qe7 7. a3 Ngxe5 8. Nxe5 Nxe5 9. e3 Bc5 10. b4 Bd4 11. Rb1 d6 12. Be2 Ng6 13. Bg3 Be5 14. Bxe5 dxe5 15. 0-0 0-0 16. Qc2 a5 17. c5 axb4 18. axb4 Qh4 19. Nf3 Qf6 20. Bd3 Re8 21. Be4 c6 22. h3 Be6 23. Rfd1 h6 24. Rd6 Ne7 25. Qc3 Nf5 26. Rbd1 Nh4 27. Nxe5 Ra2 28. Nf3 Nxf3+ 29. Bxf3 Qxc3 30. Rd8 Rxd8 31. Rxd8+ Kh7 32. Rd1 Ra1 33. Rxa1 Qxa1+ 34. Kh2 0-1

[Event "Titled Tuesday intern op 02nd Jan Early"]
[Site "Chess.com INT"]
[Date "2024.01.02"]
[Round "5"]
[White "Lopusiewicz, Piotr"]
[Black "Abdulrahman Mohammad, Al Taher"]
[Result "0-1"]
[WhiteElo "2301"]
[BlackElo "2046"]
[PlyCount "102"]
[EventDate "2024.01.02"]
[EventType "swiss (blitz)"]
[EventRounds "11"]
[EventCountry "USA"]
[SourceTitle "EXT 2025"]
[Source "ChessBase"]
[SourceDate "2024.10.14"]
[SourceVersion "1"]
[SourceVersionDate "2024.10.14"]
[SourceQuality "1"]

1. d4 d5 2. c4 e6 3. Nf3 Nf6 4. Nc3 Be7 5. g3 0-0 6. Bg2 dxc4 7. Ne5 c5 8. dxc5 Qxd1+ 9. Nxd1 Bxc5 10. Be3 Bxe3 11. Nxe3 Nc6 12. Nxc6 bxc6 13. Bxc6 Rb8 14. Nxc4 Ba6 15. b3 Rfc8 16. Na5 Rb6 17. Bf3 Rc5 18. Nc4 Bxc4 19. bxc4 Rxc4 20. 0-0 g5 21. Rfd1 g4 22. Bg2 Rb2 23. Bf1 Nd5 24. a4 Rcc2 25. Rd4 h5 26. Rad1 Nc3 27. Ra1 Nxe2+ 28. Bxe2 Rxe2 29. Rf1 Ra2 30. Rc4 Kg7 31. Rf4 Kg6 32. Rc4 f6 33. Rb4 Kf5 34. Rf4+ Kg5 35. Rc4 f5 36. Rb4 h4 37. gxh4+ Kxh4 38. Rf4 Kg5 39. Rc4 Ra3 40. Kg2 Rea2 41. Re1 Rxa4 42. Rc6 Ra6 43. Rc7 Rd6 44. Re7 Rdd2 45. R1xe6 Rxf2+ 46. Kg1 Rg2+ 47. Kf1 Rxh2 48. Kg1 Rag2+ 49. Kf1 Ra2 50. Kg1 Rhb2 51. Rf7 Rb1+ 0-1

[Event "Abu Dhabi op 29th"]
[Site "Abu Dhabi"]
[Date "2023.08.18"]
[Round "3"]
[White "Rohit, Krishna S"]
[Black "Abdulrahman Mohammad, Al Taher"]
[Result "1-0"]
[WhiteElo "2423"]
[BlackElo "2128"]
[PlyCount "179"]
[EventDate "2023.08.16"]
[EventType "swiss"]
[EventRounds "9"]
[EventCountry "UAE"]
[SourceTitle "CBM 216 Extra"]
[Source "ChessBase"]
[SourceDate "2023.11.30"]
[SourceVersion "1"]
[SourceVersionDate "2023.11.30"]
[SourceQuality "1"]

1. Nf3 d5 2. g3 Nf6 3. Bg2 e6 4. 0-0 Be7 5. d3 0-0 6. Nbd2 c5 7. e4 Nc6 8. Re1 Qc7 9. e5 Nd7 10. Qe2 b5 11. Nf1 Bb7 12. Bf4 Rfc8 13. h4 Qd8 14. N1h2 a5 15. c3 a4 16. a3 b4 17. h5 h6 18. Ng4 Ba6 19. Qe3 Bf8 20. Rad1 bxa3 21. bxa3 Rab8 22. c4 d4 23. Qc1 Na5 24. Nfh2 Nb3 25. Qc2 Bb7 26. Be4 Qb6 27. Bxb7 Rxb7 28. Re4 Rcb8 29. Qe2 Qd8 30. Qf3 Na5 31. Bd2 Nc6 32. Nf1 Qe8 33. Bc1 Rb1 34. Ree1 R1b6 35. Nd2 Qd8 36. Re4 Qe8 37. Rde1 Na5 38. Nf1 Rb3 39. Qd1 Nc6 40. Qc2 Rc3 41. Qd1 Rcb3 42. Rf4 Rc3 43. Qf3 Rb6 44. Rfe4 Rbb3 45. Rd1 Rb1 46. Ree1 Rb6 47. Nd2 Qb8 48. Qe2 Rc2 49. Qe4 Rc3 50. f4 Ne7 51. Nh2 Nf5 52. Nhf1 Qb7 53. g4 Ne7 54. Qxb7 Rxb7 55. Ne4 Rc2 56. Rd2 Rxd2 57. Nfxd2 Nc6 58. Kf2 Be7 59. Ke2 Na5 60. Kd1 Nb3 61. Kc2 Na1+ 62. Kd1 Nb3 63. Re2 Kf8 64. Bb2 Rb6 65. Nf3 Na5 66. Kc2 Rb3 67. Rf2 Nc6 68. Ned2 Rb6 69. Re2 Ke8 70. Bc1 Rb8 71. Ne4 Kf8 72. Rg2 f6 73. exf6 Nxf6 74. Nxf6 Bxf6 75. g5 hxg5 76. fxg5 Be7 77. h6 Kg8 78. Re2 Rf8 79. Nh4 gxh6 80. Ng6 Rf5 81. Rxe6 Bxg5 82. Bxg5 hxg5 83. Rxc6 Kf7 84. Kd2 Rf2+ 85. Ke1 Ra2 86. Ne5+ Ke7 87. Rxc5 Rxa3 88. Ke2 Ra1 89. Ra5 a3 90. Nc6+ 1-0